| 000 | 00544nam a22001817a 4500 | ||
|---|---|---|---|
| 999 |
_c153486 _d153486 |
||
| 003 | dpl | ||
| 005 | 20190123141154.0 | ||
| 008 | 180706b xxu||||| |||| 00| 0 eng d | ||
| 020 |
_a8123738536 _c50.00 |
||
| 035 | _aB-108307, B-108329 | ||
| 040 |
_aDPL _bEN _c0 |
||
| 082 | _a539.752 | ||
| 100 | _aPhondke, Bak | ||
| 245 |
_aRavishing radiance/ _bpopular science _cby Bal Phondke |
||
| 260 |
_aNew Delhi _bNational Book Trust, India _c2002 |
||
| 300 |
_axiv,82p. _bincluding diagrams _c22cm. |
||
| 942 |
_2ddc _cEN _h539.752 _mPHO |
||